000
00350nam a2200133 a 4500
005
20140414132105.0
008
100901s19uu xx 00 eng d
050
_a
FIC
_b
St5d 2007
100
_a
Stilton, Geronimo
245
_a
Discovery of America (The).
260
_a
New York :
_b
Scholastic,
_c
2007.
440
_a
Geronimo Stilton
999
_c
114588
_d
114588